|
|
|
|
| LEADER |
00000nnm a2200000 i 4500 |
| 001 |
dolg4217 |
| 005 |
20160203161347.0 |
| 008 |
151207suuuu hu o 000 hun d |
| 040 |
|
|
|a BGE Dolgozattár Repozitórium
|b hun
|
| 041 |
|
|
|a hu
|
| 100 |
1 |
|
|a Fekete Dóra
|
| 245 |
1 |
0 |
|a Két hetes gyógytúra szervezése a Dél-alföldi régióban
|c Fekete Dóra
|h [elektronikus dokumentum]
|
| 246 |
1 |
1 |
|a Két hetes gyógytúra szervezése a Dél-alföldi régióban
|
| 516 |
|
|
|a Project_work
|
| 695 |
|
|
|a Dél-Alföldi régió
|
| 695 |
|
|
|a gyógytúra
|
| 700 |
1 |
|
|a Talabos István
|e ths
|
| 856 |
4 |
0 |
|u http://dolgozattar.uni-bge.hu/4217/1/Projektmunka.pdf
|z Dokumentum-elérés
|